000 01332cam a2200265 a 4500
003 EG-GiCUC
005 20250223031027.0
008 140818s2013 ua f m 000 0 eng d
040 _aEG-GiCUC
_beng
_cEG-GiCUC
041 0 _aeng
049 _aGift
097 _aM.Sc
099 _aCai01.34.M.Sc.2013.Da.E
100 0 _aDalia Ayman Elshiaty
245 1 4 _aThe effect of sukuk issuance on the liquidity of stock markets :
_bEvidence from panel data /
_cDalia Ayman Elshiaty ; Supervised Ahmed Abdelmotelib Badawi
260 _aCairo :
_bDalia Ayman Elshiaty ,
_c2013
300 _a79 Leaves ;
_c30cm
502 _aThesis (M.Sc.) - German University - Faculty of Postgraduate Studies and Scientific Research - Department of Management
520 _aThe aim of this study is to examine the effect of sukuk issuance on the liquidity of stock markers, and to investigate whether this effect is moderated by the tenor of the sukuk and its nature as sovereign versus corporate sukuk. A fixed effects panel data regression is utilized to achieve this aim. The countries considered in the panel are Bahrain, Indonesia, Malaysia and Saudi Arabia
700 0 _aAhmed Abdelmotelib Badawi ,
_eSupervisor
856 _uhttp://172.23.153.220/th.pdf
905 _aNazla
_eRevisor
905 _aSamia
_eCataloger
942 _2ddc
_cTH
999 _c46911
_d46911